| 000 | 00683nam a2200229 a 4500 | ||
|---|---|---|---|
| 008 | |||
| 049 | _aMAIN | ||
| 090 |
_aHD58.9 _bKIN |
||
| 100 | 1 | _aKing, William R. | |
| 245 | 1 | 0 |
_aProbability for management decisions / _cWilliam R. King. |
| 260 |
_aNew York : _bWiley, _c[1968] |
||
| 300 |
_axix, 372 p. ; _c23 cm. |
||
| 440 | 4 | _aThe Wiley series in management and administration. | |
| 504 | _aIncludes bibliographical references. | ||
| 650 | 0 | _aStatistical decision. | |
| 650 | 0 | _aProbabilities. | |
| 907 |
_a.b10082244 _b13-02-13 _c14-07-03 |
||
| 003 | |||
| 005 | 20230123133334.0 | ||
| 040 | _cNUST | ||
| 942 |
_cBOOKS _kHD58.9 _mKIN |
||
| 999 |
_c146877 _d146877 |
||